Programovací jazyk C

Enregistré dans:
Détails bibliographiques
Auteur principal: Kernighan, Brian W.
Format: Livre
Langue:slovaque
Publié: Bratislava Alfa 1989
Édition:2. vyd.
Collection:Edícia výpočtovej techniky
Tags: Ajouter un tag
Pas de tags, Soyez le premier à ajouter un tag!

MARC

LEADER 00000nam a2200000 4500
001 c040886
005 20250522120227.1
041 0 |a slo 
044 |a SK 
245 1 0 |a Programovací jazyk C  |c Brian W. Kernighan 
250 |a 2. vyd. 
264 1 |a Bratislava  |b Alfa  |c 1989 
300 |a 249 s. 
490 1 |a Edícia výpočtovej techniky 
830 0 |a Edícia výpočtovej techniky 
100 1 |a Kernighan, Brian W.